The defective delinquent and insane
Αποθηκεύτηκε σε:
| Κύριος συγγραφέας: | |
|---|---|
| Μορφή: | Βιβλίο |
| Γλώσσα: | English |
| Δημοσίευση: |
New York :
Arno Press,
1980
|
| Σειρά: | Historical issues in mental health
|
| Θέματα: | |
| Ετικέτες: |
Προσθήκη ετικέτας
Δεν υπάρχουν, Καταχωρήστε ετικέτα πρώτοι!
|
MARC
| LEADER | 00000nam a2200000 i 4500 | ||
|---|---|---|---|
| 001 | 1/89375 | ||
| 008 | 970609s1980 eng d | ||
| 020 | |a 0-405-11911-9 | ||
| 035 | |a 1995 |b 1 |c Πολεμικός |l 10035733 | ||
| 040 | |a GR-MY-UA |b gre |e aacr | ||
| 041 | 0 | |a eng | |
| 082 | 0 | |a 616.89071 | |
| 100 | 1 | |a Cotton, Henry Andrews |d 1876- | |
| 245 | 1 | 4 | |a The defective delinquent and insane / |c Henry A. Cotton |
| 260 | |a New York : |b Arno Press, |c 1980 | ||
| 300 | |a 201 p. | ||
| 490 | 1 | |a Historical issues in mental health | |
| 650 | 0 | 0 | |a Focal infections. |
| 650 | 0 | 0 | |a Psychology. |
| 830 | 0 | |a Historical issues in mental health | |
| 852 | |a INST |b RHODES |e 19970609 |h 616.89071 COT |p 005400007599 |q 005400007599 |t BK |y 0 | ||
| 909 | |a Ρ |b 039646 |c 1995 | ||